00509nam a2200181Ia 450000500170000000800410001701000150005804000190007304100120009208200200010410000250012424500520014926000280020130000120022950400500024165000260029185000100031720230306104234.0131103s9999 xx 000 0 und d a8173890080 aLoreto College aEnglish a822.33bSHA-CHA aChatterjee,Visvanath aTen essays on ShakespearecVisvanath Chatterjee aKolkatabBooklorec2006 a142 p.  aIncludes index and bibliographical references aEnglish - Shakespeare aLCLIB